Česká ekonomika ve znamení růstu. 1
Základné údaje. Prílev kapitálu do krajín so vznikajúcimi trhmi a do ČR. Obchodná bilancia, príliv kapitálu, investície. Hrubý domáci produkt. Menová a fiškálna politika.
Gespeichert in:
| 1. Verfasser: | |
|---|---|
| Format: | Buchkapitel |
| Sprache: | Tschechisch |
| Schlagworte: | |
| Tags: |
Keine Tags, Fügen Sie das erste Tag hinzu!
|
MARC
| LEADER | 00000naa a2200000 4500 | ||
|---|---|---|---|
| 001 | r017642 | ||
| 005 | 20221205101417.8 | ||
| 041 | 0 | |a cze | |
| 044 | |a CZ | ||
| 245 | 1 | 0 | |a Česká ekonomika ve znamení růstu. 1 |c Kamil Janáček |
| 520 | |a Základné údaje. Prílev kapitálu do krajín so vznikajúcimi trhmi a do ČR. Obchodná bilancia, príliv kapitálu, investície. Hrubý domáci produkt. Menová a fiškálna politika. | ||
| 610 | 2 | 0 | |a vývoj hospodársky |
| 610 | 2 | 0 | |a január-jún |
| 610 | 2 | 0 | |a 1995 |
| 610 | 2 | 0 | |a Česko |
| 610 | 2 | 0 | |a kapitál zahraničný |
| 610 | 2 | 0 | |a bilancia obchodná |
| 610 | 2 | 0 | |a investície |
| 610 | 2 | 0 | |a produkt domáci hrubý |
| 610 | 2 | 0 | |a politika menová |
| 610 | 2 | 0 | |a politika fiškálna |
| 100 | 1 | |a Janáček, Kamil | |